All Baltic Sea Cities 200k+ - Statistics

General Stats
  • This quiz has been taken 116 times
  • The average score is 11 of 13
Answer Stats
Country City Population % Correct
Latvia Riga 696k
100%
Sweden Stockholm 962k
99%
Russia St. Petersburg 5.3 million
99%
Finland Helsinki 650k
98%
Poland Gdansk 462k
95%
Estonia Tallinn 435k
92%
Finland Espoo 257k
79%
Germany Rostock 212k
78%
Germany Kiel 247k
76%
Russia Kaliningrad 431k
73%
Poland Szczecin 413k
69%
Poland Gdynia 255k
68%
Germany Lubeck 216k
68%
No matching quizzes found
Score Distribution
Percent of People with Each Score
Percentile by Number Answered
Your Score History
You have not taken this quiz